|
|
|
|
| LEADER |
00000ctm a22000007a 4500 |
| 001 |
6858 |
| 003 |
CZ-ZlUTB |
| 005 |
20240830152456.0 |
| 008 |
011001s2001^ xr ||||| ||||| |||||cze|d |
| 040 |
|
|
|a ZLD002
|b cze
|c ZLD002
|d ZLD002
|
| 072 |
|
7 |
|a 621.38
|x Elektronika
|2 Konspekt
|9 19
|
| 100 |
1 |
|
|a Daněk, David
|4 dis
|
| 245 |
1 |
0 |
|a Kalibrační pracoviště pro infračervený dozimetr
|h [rukopis] :
|b diplomová práce /
|c David Daněk ; [vedoucí práce Petr Neumann]
|
| 260 |
|
|
|a Zlín,
|c 2001
|
| 300 |
|
|
|a 81 s.
|
| 650 |
0 |
4 |
|a IIT
|
| 650 |
0 |
4 |
|a dozimetry
|
| 650 |
0 |
7 |
|a infračervená spektroskopie
|7 ph318941
|2 czenas
|
| 650 |
0 |
7 |
|a kalibrace
|7 ph121396
|2 czenas
|
| 650 |
0 |
4 |
|a pracoviště
|
| 655 |
|
7 |
|a diplomové práce
|7 fd132022
|2 czenas
|
| 700 |
1 |
|
|a Neumann, Petr
|4 ths
|
| 710 |
2 |
|
|a Univerzita Tomáše Bati ve Zlíně.
|b Fakulta technologická.
|b Institut informačních technologií
|4 dgg
|
| 952 |
|
|
|0 0
|1 0
|4 0
|6 D2001DANĚKD
|7 0
|8 MANUS
|9 11303
|a UTBZL
|b UTBZL
|c 001
|d 2006-07-29
|i 5296/D
|l 0
|o D2001/DANĚK,D.
|p 420019005296
|r 2019-08-25 00:00:00
|w 2019-08-25
|x 20100831
|y 12
|
| 992 |
|
|
|a DS
|
| 999 |
|
|
|c 6858
|d 6858
|
| 993 |
|
|
|x NEPOSILAT
|y VSKP
|